000 00617nam a2200217Ii 4500
001 727
003 CO-ViMGA
008 241108s9999||||xx |||||||||||||| ||und||
020 _a950490551X
040 _aCO-ViMGA
_bspa
_erda
_cCO-ViMGA
041 0 _aspa
084 _aN CHR1
100 1 _aChristie, Agatha,
_d1891-1976
_945716
245 1 0 _aCinco cerditos
264 1 _a[Lugar de publicación no identificado] : Planeta, 2001
300 _avolumen
336 _atext
_btxt
_2rdacontent
337 _aunmediated
_bn
_2rdamedia
338 _avolume
_bnc
_2rdacarrier
940 _aidficha_siabuc: 711. -- ficha_no_siabuc:727
999 _c40242
_d40242